000 00894naa a2200229 4500
005 20090831153231.0
008 090613t xxu||||| |||| 00| 0 eng d
010 _aENG-95005
020 _c95.00
035 _aEN-78538
037 _bDBAD / PUB
040 _adpl
_bEnglish
082 _a801.95
100 _aElango, S.P. Benjamin
245 _aTolkappiyar and Northrop Frye:
_cby S.P. Benjamin Elango
_ba comparative study /
260 _aTiruchirappalli
_bClara Publications
_c2008
270 _a73/15/B, Cauvery Nagar, Salai Road Exension,
_bTiruchirappalli
_e620018
300 _a80p.
_c22cm(pbk)
500 _aIncludes bibliographical references
942 _adpl
_cEN
_2ddc
_mELA
_h801.95
999 _c29847
_d29847